000
00343nam a22001457a 4500
008
210514b ||||| |||| 00| 0 eng d
020
_a
001554135385
041
_a
eng
080
_a
32
082
_a
32
100
_a
23
101
_a
SHP
245
_a
India Government and Politics in a Developing Nation
_c
Hardgrave,R.L
942
_2
udc
_c
BK
999
_c
57335
_d
57335